«И жизнь, и слёзы, и любовь…» Происхождение, значение, судьба 1500 крылатых слов и выражений русской языка

Bibliographic Details
Main Author: Шулежкова С. Г. Светлана Григорьевна
Summary:Автор книги в увлекательной форме рассказывает об источниках 1500 крылатых слов и выражений, которые отражают этические ценности, художественный вкус, остроумие современных носителей языка и теснейшим образом связаны с культурным каноном русской нации. Каждая крылатая единица сопровождается семантической, стилистической, ситуативной характеристикой, иллюстрируется примерами употребления в многообразных своих трансформах. Большинство описанных крылатых единиц восходит к различным жанрам искусства XIX-XXI вв. и свидетельствует о многогранности таланта русского народа, сумевшего запечатлеть в лаконичных изящных формулах своё отношение к жизни во всех её проявлениях. Книга адресована самой широкой читательской аудитории - журналистам, филологам, студентам, педагогам, школьникам и всем тем, кто неравнодушен к истории отечественной культуры и к истории русского языка.
Language:Russian
Published: Москва, Флинта, 2011
Subjects:
Format: Book
KOHA link:https://koha.lib.tpu.ru/cgi-bin/koha/opac-detail.pl?biblionumber=217900

MARC

LEADER 00000nam0a2200000 4500
001 217900
005 20231101230145.0
010 |a 9785976510302 
035 |a (RuTPU)RU\TPU\book\237904 
090 |a 217900 
100 |a 20120609d2011 m y0rusy50 ca 
101 0 |a rus 
102 |a RU 
105 |a y z 001zy 
200 1 |a «И жизнь, и слёзы, и любовь…» Происхождение, значение, судьба 1500 крылатых слов и выражений русской языка  |f С. Г. Шулежкова 
210 |a Москва  |c Флинта  |c Наука  |d 2011 
215 |a 848 с. 
320 |a Указатель ключевых слов: с. 805-826. 
320 |a Именной указатель: с. 827-846. 
330 |a Автор книги в увлекательной форме рассказывает об источниках 1500 крылатых слов и выражений, которые отражают этические ценности, художественный вкус, остроумие современных носителей языка и теснейшим образом связаны с культурным каноном русской нации. Каждая крылатая единица сопровождается семантической, стилистической, ситуативной характеристикой, иллюстрируется примерами употребления в многообразных своих трансформах. Большинство описанных крылатых единиц восходит к различным жанрам искусства XIX-XXI вв. и свидетельствует о многогранности таланта русского народа, сумевшего запечатлеть в лаконичных изящных формулах своё отношение к жизни во всех её проявлениях. Книга адресована самой широкой читательской аудитории - журналистам, филологам, студентам, педагогам, школьникам и всем тем, кто неравнодушен к истории отечественной культуры и к истории русского языка. 
606 1 |a Русский язык  |x Другие типы словарей  |2 stltpush  |3 (RuTPU)RU\TPU\subj\26394  |9 50334 
610 1 |a крылатые слова 
610 1 |a крылатые выражения 
610 1 |a происхождение 
610 1 |a значение 
610 1 |a судьба 
610 1 |a семантика 
610 1 |a стилистика 
610 1 |a 19 век 
610 1 |a 20 век 
610 1 |a словари 
686 |a Ш141.2-49  |v LBC/SL-A  |2 rubbk 
700 1 |a Шулежкова  |b С. Г.  |g Светлана Григорьевна 
801 1 |a RU  |b 63413507  |c 20120609 
801 2 |a RU  |b 63413507  |c 20121029  |g RCR 
942 |c BK 
959 |a 91/20120609  |d 1  |e 350,00  |f ЧЗИЛ:1